Education and the Law / (Record no. 5336)

MARC details
000 -LEADER
fixed length control field 00606nam a22002057a 4500
003 - CONTROL NUMBER IDENTIFIER
control field OSt
005 - DATE AND TIME OF LATEST TRANSACTION
control field 20251030060254.0
008 - FIXED-LENGTH DATA ELEMENTS--GENERAL INFORMATION
fixed length control field 251030b |||||||| |||| 00| 0 eng d
020 ## - INTERNATIONAL STANDARD BOOK NUMBER
International Standard Book Number 978-962-8035-90-4
040 ## - CATALOGING SOURCE
Original cataloging agency DWCL - Main Lib
Transcribing agency OC
082 ## - DEWEY DECIMAL CLASSIFICATION NUMBER
Classification number Prof. 344.07 M517e 2022
100 ## - MAIN ENTRY--PERSONAL NAME
Personal name Sta. Maria, Melencio
245 ## - TITLE STATEMENT
Title Education and the Law /
Statement of responsibility, etc. Melencio Sta. Maria
260 ## - PUBLICATION, DISTRIBUTION, ETC.
Place of publication, distribution, etc. Metro Manila, Philippines :
Name of publisher, distributor, etc. Lorimar Publishing, Inc.,
Date of publication, distribution, etc. c2022.
300 ## - PHYSICAL DESCRIPTION
Extent viii , 340 pages ;
Dimensions 23 cm.
650 ## - SUBJECT ADDED ENTRY--TOPICAL TERM
Topical term or geographic name entry element 1. Education
650 ## - SUBJECT ADDED ENTRY--TOPICAL TERM
Topical term or geographic name entry element 2. Law
650 ## - SUBJECT ADDED ENTRY--TOPICAL TERM
Topical term or geographic name entry element 3. Law Education
942 ## - ADDED ENTRY ELEMENTS (KOHA)
Source of classification or shelving scheme Dewey Decimal Classification
Koha item type Professional Collections
Call number suffix Prof.
Suppress in OPAC No
952 ## - LOCATION AND ITEM INFORMATION (KOHA)
--
Holdings
Withdrawn status Lost status Source of classification or shelving scheme Damaged status Not for loan Home library Current library Date acquired Source of acquisition Total Checkouts Full call number Barcode Date last seen Copy number Price effective from Koha item type Uniform Resource Identifier
    Dewey Decimal Classification     Junior High School Library Junior High School Library 03/21/2024 School Fund   Prof. 344.07 M517e 2022 JHS - 21323 10/30/2025 c1 10/30/2025 PROF.